Integrated retail marketing communication / (Record no. 79475)

MARC details
000 -LEADER
fixed length control field 00576nam a22001937a 4500
005 - DATE AND TIME OF LATEST TRANSACTION
control field 20140214105132.0
010 ## - LCCN (DPL NO)
LC control number ENG-108557
020 ## - INTERNATIONAL STANDARD BOOK NUMBER
International Standard Book Number 9788120346406
Terms of availability 175.00
035 ## - SYSTEM CONTROL NUMBER
System control number EN-92090
037 ## - SOURCE OF ACQUISITION
Source of stock number/acquisition DBAD/PUB
082 ## - DEWEY DECIMAL CLASSIFICATION NUMBER
Classification number 658.802
100 ## - MAIN ENTRY--PERSONAL NAME
Personal name Sudhakar, G.P.
245 ## - TITLE STATEMENT
Title Integrated retail marketing communication /
Statement of responsibility, etc by G.P. Sudhakar
260 ## - PUBLICATION, DISTRIBUTION, ETC. (IMPRINT)
Place of publication, distribution, etc New Delhi
Name of publisher, distributor, etc PHI Learning
Date of publication, distribution, etc 2013
270 ## - ADDRESS
Address M-97, Connaught Circus
City New Delhi
Postal code 110001
300 ## - PHYSICAL DESCRIPTION
Extent xvii, 145p. :
Dimensions 24cm (pbk)
Other physical details ill.
500 ## - GENERAL NOTE
General note Includes index
942 ## - ADDED ENTRY ELEMENTS (KOHA)
Source of classification or shelving scheme Dewey Decimal Classification
Item type English Books
Call number suffix SUD
Classification part 658.802
Holdings
Withdrawn status Lost status Not for loan Collection code Home library Current library Date acquired Source of acquisition Cost, normal purchase price Full call number Barcode Copy number Cost, replacement price Koha item type
    Not For Loan Non-fiction D.B.Act.Division D.B.Act.Division 19/09/2013 DBAD/PUB 175.00 658.802 SUD EN-92090 1 175.00 English Books

© Delhi Public Library
Hit Counter
free hit counter